000 00552nam a2200193Ia 4500
999 _c32447
_d32447
003 OSt
005 20200724130550.0
008 190216s9999||||xx |||||||||||||| ||und||
020 _a9788122436129
040 _coclc
082 _a515.7
_bLIM/F
100 _aLimaye, Balmohan V
_93734
245 0 _aFunctional Analysis /
_cBalmohan V Limaye
250 _a3rd Ed.
260 _bNew Age International Publishers,
_c2014.
_aNew Delhi:
300 _a612p
650 _aMathematics
942 _cBK
_2ddc
_h515.7
_iLIM/F
_k515.7
_mLIM/F